000 01598nam a2200433 c 4500
999 _c178443
_d178443
003 BLK
005 20200430090828.0
008 180411b bul|||||r ||||||| ||bul||
010 _aKNG00187165000
020 _a1-55939-024-7
040 _aBLK
041 _aENG
_cENG
072 7 _2bullib
_aН70
_xИзкуства Н
080 _aРелигиозна живопис
_b75.046
_x(515)
_z75.046(515)
100 1 _aLandaw, Jonathan
_eпърви автор
_916418
139 _aLandaw, Jonathan et al.
_bL 23
_gЛ 21 Д
245 1 0 _aImages of Enlightenment
_bTibetan Art in Practice
_cJonathan Landaw; съавт. Andi Weber.
257 _aUSA
260 _bSnow Lion
_c1993
300 _a263 p., 32 p.
_bcol. ill.
_c22 см
380 _a7
500 _aСъдържа и за авт. - Речник. - Азб. показалец. - Библиогр. с. 249-258.
650 4 _aИзобразително изкуство - Тибет
_9341392
650 4 _aТибет - изкуство
_9341393
650 4 _aКитай - изкуство
_9265844
650 4 _aИзкуство, будистко
_9341394
650 4 _aСимволи и знаци, будистки
_9341395
651 4 _aТибет
_9179656
651 4 _aКитай
_9242505
653 _aизобразително изкуство
653 _aбудистко изкуство
659 _aН
700 1 _aWeber, Andi
_eсъавт.
_9341391
852 _aЦб 280009
856 4 _qpdf
856 4 _qpdf
942 _cKNG
_n0
_s1
944 _aCR
_c17.03.2016
_lф /
_kВиолета_Тройчева
944 _aED
_c24.10.2017
_lф /
_kЛюдмила_Стоянова
999 _d178443